[Event "DVM U12w 2024"]
[Site "Bad Homburg GER"]
[Date "2024.12.30"]
[Round "7"]
[White "Wolf, Helena"]
[Black "Bayer, Klara"]
[Result "0-1"]
[Termination "normal"]
[Board "3.1"]
[WhiteElo "1582"]
[BlackElo "1618"]
[WhiteClock "00:29:38"]
[BlackClock "00:47:43"]
[WhiteTeam "SK Bad Homburg 1927"]
[BlackTeam "TSG Oberschöneweide"]
[PlyCount "86"]
[WhiteFideId "34671030"]
[BlackFideId "34658955"]
[EventCountry "GER"]
[EventRounds "7"]
[EventType "team-swiss"]
[EventDate "2024.12.26"]

1. e4 {[%clk 01:30:58]} c5 {[%clk 01:30:53]} {[%emt 00:00:07]} 2. Nf3 {[%clk
01:31:20]} {[%emt 00:00:10]} d6 {[%clk 01:31:17]} {[%emt 00:00:05]} 3. d4
{[%clk 01:31:46]} {[%emt 00:00:04]} cxd4 {[%clk 01:31:41]} {[%emt 00:00:05]} 4.
Nxd4 {[%clk 01:32:09]} {[%emt 00:00:07]} a6 {[%clk 01:32:06]} {[%emt 00:00:05]}
5. Nc3 {[%clk 01:32:32]} {[%emt 00:00:08]} Nf6 {[%clk 01:32:31]} {[%emt
00:00:05]} 6. Be3 {[%clk 01:32:54]} {[%emt 00:00:08]} e5 {[%clk 01:32:45]}
{[%emt 00:00:15]} 7. Nb3 {[%clk 01:33:17]} {[%emt 00:00:08]} Be6 {[%clk
01:33:08]} {[%emt 00:00:07]} 8. f3 {[%clk 01:33:38]} {[%emt 00:00:09]} Be7
{[%clk 01:33:30]} {[%emt 00:00:06]} 9. Be2 {[%clk 01:33:15]} {[%emt 00:00:56]}
O-O {[%clk 01:33:47]} {[%emt 00:00:13]} 10. O-O {[%clk 01:33:40]} {[%emt
00:00:05]} Nc6 {[%clk 01:34:08]} {[%emt 00:00:09]} 11. Qd2 {[%clk 01:33:16]}
{[%emt 00:00:53]} Qc7 {[%clk 01:34:22]} {[%emt 00:00:15]} 12. Rfd1 {[%clk
01:31:57]} {[%emt 00:01:48]} Rfd8 {[%clk 01:34:25]} {[%emt 00:00:29]} 13. Nd5
{[%clk 01:28:13]} {[%emt 00:04:14]} Qd7 {[%clk 01:33:59]} {[%emt 00:00:55]} 14.
Nb6 {[%clk 01:26:21]} {[%emt 00:02:21]} Qc7 {[%clk 01:34:10]} {[%emt 00:00:19]}
15. Nxa8 {[%clk 01:26:15]} {[%emt 00:00:37]} Rxa8 {[%clk 01:34:33]} {[%emt
00:00:07]} 16. Rac1 {[%clk 01:25:47]} {[%emt 00:00:58]} d5 {[%clk 01:34:25]}
{[%emt 00:00:38]} 17. exd5 {[%clk 01:23:51]} {[%emt 00:02:27]} Nxd5 {[%clk
01:32:57]} {[%emt 00:01:58]} 18. Bc5 {[%clk 01:18:30]} {[%emt 00:05:45]} Bf6
{[%clk 01:31:53]} {[%emt 00:01:40]} 19. Bc4 {[%clk 01:06:37]} {[%emt 00:12:19]}
Nf4 {[%clk 01:23:46]} {[%emt 00:08:40]} 20. Bxe6 {[%clk 01:04:42]} {[%emt
00:02:25]} Nxe6 {[%clk 01:22:54]} {[%emt 00:01:23]} 21. Qd6 {[%clk 00:58:06]}
{[%emt 00:07:06]} Qc8 {[%clk 01:17:14]} {[%emt 00:06:10]} 22. Be3 {[%clk
00:51:48]} {[%emt 00:06:47]} h6 {[%clk 01:13:15]} {[%emt 00:04:31]} 23. c3
{[%clk 00:48:16]} {[%emt 00:03:59]} Be7 {[%clk 01:09:10]} {[%emt 00:04:38]} 24.
Qd7 {[%clk 00:45:18]} {[%emt 00:03:25]} Qb8 {[%clk 01:08:25]} {[%emt 00:01:18]}
25. Re1 {[%clk 00:30:01]} {[%emt 00:15:44]} Bh4 {[%clk 00:59:59]} {[%emt
00:09:00]} 26. Re2 {[%clk 00:24:06]} {[%emt 00:06:25]} Be7 {[%clk 00:52:08]}
{[%emt 00:08:21]} 27. Kh1 {[%clk 00:20:29]} {[%emt 00:04:06]} Bf8 {[%clk
00:49:59]} {[%emt 00:02:39]} 28. Rce1 {[%clk 00:15:17]} {[%emt 00:05:42]} Bd6
{[%clk 00:43:09]} {[%emt 00:07:21]} 29. Rd2 {[%clk 00:10:23]} {[%emt 00:05:21]}
Bf8 {[%clk 00:43:04]} {[%emt 00:00:38]} 30. Red1 {[%clk 00:08:47]} {[%emt
00:02:04]} Be7 {[%clk 00:36:50]} {[%emt 00:06:46]} 31. Qd3 {[%clk 00:03:36]}
{[%emt 00:05:39]} Qc7 {[%clk 00:35:42]} {[%emt 00:01:40]} 32. Qe2 {[%clk
00:03:25]} {[%emt 00:00:42]} e4 {[%clk 00:28:48]} {[%emt 00:07:23]} 33. Rd7
{[%clk 00:02:29]} {[%emt 00:01:26]} exf3 {[%clk 00:28:27]} {[%emt 00:00:51]}
34. Qxf3 {[%clk 00:02:26]} {[%emt 00:00:33]} Qb8 {[%clk 00:28:06]} {[%emt
00:00:50]} 35. R7d2 {[%clk 00:01:43]} {[%emt 00:01:14]} Ne5 {[%clk 00:27:03]}
{[%emt 00:01:32]} 36. Qg3 {[%clk 00:00:50]} {[%emt 00:01:21]} Nc4 {[%clk
00:26:58]} {[%emt 00:00:36]} 37. Qxb8+ {[%clk 00:01:10]} {[%emt 00:00:10]} Rxb8
{[%clk 00:27:21]} {[%emt 00:00:07]} 38. Re2 {[%clk 00:01:27]} {[%emt 00:00:13]}
b5 {[%clk 00:27:26]} {[%emt 00:00:25]} 39. Rd7 {[%clk 00:01:41]} {[%emt
00:00:16]} Bf6 {[%clk 00:27:20]} {[%emt 00:00:36]} 40. Nc5 {[%clk 00:01:09]}
{[%emt 00:01:02]} Rb6 {[%clk 00:21:44]} {[%emt 00:06:05]} 41. Bf2 {[%clk
00:00:38]} {[%emt 00:01:02]} Nxc5 {[%clk 00:19:02]} {[%emt 00:03:12]} 42. Bxc5
{[%clk 00:01:01]} {[%emt 00:00:07]} Rc6 {[%clk 00:19:10]} {[%emt 00:00:21]} 43.
Bf2 {[%clk 00:29:38]} {[%emt 00:01:50]} Ne5 {[%clk 00:47:43]} {[%emt 00:02:00]}
*

[Event "DVM U12w 2024"]
[Site "Bad Homburg GER"]
[Date "2024.12.30"]
[Round "7"]
[White "Ruddat, Maila"]
[Black "Xu, Dorothea Sicheng"]
[Result "1-0"]
[Termination "normal"]
[Board "3.2"]
[WhiteElo "1486"]
[BlackElo "1585"]
[WhiteClock "01:04:08"]
[BlackClock "00:12:01"]
[WhiteTeam "TSG Oberschöneweide"]
[BlackTeam "SK Bad Homburg 1927"]
[PlyCount "153"]
[WhiteFideId "34628100"]
[BlackFideId "34667539"]
[EventCountry "GER"]
[EventRounds "7"]
[EventType "team-swiss"]
[EventDate "2024.12.26"]

1. e4 {[%clk 01:30:26]} {[%emt 00:00:33]} e5 {[%clk 01:30:53]} {[%emt
00:00:08]} 2. Nf3 {[%clk 01:30:29]} {[%emt 00:00:26]} Nc6 {[%clk 01:31:17]}
{[%emt 00:00:07]} 3. Bc4 {[%clk 01:30:39]} {[%emt 00:00:20]} Nf6 {[%clk
01:31:39]} {[%emt 00:00:07]} 4. d3 {[%clk 01:29:54]} {[%emt 00:01:15]} Be7
{[%clk 01:31:29]} {[%emt 00:00:41]} 5. c3 {[%clk 01:29:28]} {[%emt 00:00:56]}
d5 {[%clk 01:31:28]} {[%emt 00:00:31]} 6. exd5 {[%clk 01:29:30]} {[%emt
00:00:27]} Nxd5 {[%clk 01:31:30]} {[%emt 00:00:29]} 7. Qb3 {[%clk 01:29:07]}
{[%emt 00:00:52]} Be6 {[%clk 01:30:42]} {[%emt 00:01:19]} 8. Qxb7 {[%clk
01:28:52]} {[%emt 00:00:43]} Na5 {[%clk 01:25:20]} {[%emt 00:05:53]} 9. Qb5+
{[%clk 01:28:50]} {[%emt 00:00:30]} c6 {[%clk 01:23:46]} {[%emt 00:02:05]} 10.
Qa4 {[%clk 01:27:35]} {[%emt 00:01:42]} Qc7 {[%clk 01:10:25]} {[%emt 00:13:54]}
11. O-O {[%emt 00:08:58]} Nxc4 {[%clk 01:04:15]} {[%emt 00:01:23]} 12. dxc4
{[%clk 01:24:18]} {[%emt 00:00:36]} Nb6 {[%clk 01:00:19]} {[%emt 00:04:26]} 13.
Qc2 {[%clk 01:23:04]} {[%emt 00:01:42]} Bxc4 {[%clk 00:56:30]} {[%emt
00:04:22]} 14. Re1 {[%clk 01:22:52]} {[%emt 00:00:41]} Bd6 {[%clk 00:54:31]}
{[%emt 00:02:30]} 15. Qe4 {[%clk 01:20:23]} {[%emt 00:02:57]} Bd5 {[%clk
00:51:16]} {[%emt 00:03:46]} 16. Qe3 {[%clk 01:19:04]} {[%emt 00:01:46]} O-O
{[%clk 00:50:14]} {[%emt 00:01:36]} 17. Ng5 {[%clk 01:16:23]} {[%emt 00:02:55]}
e4 {[%clk 00:44:13]} {[%emt 00:06:47]} 18. Qh3 {[%clk 01:13:04]} {[%emt
00:03:47]} h6 {[%clk 00:40:59]} {[%emt 00:03:45]} 19. Nxe4 {[%clk 01:12:17]}
{[%emt 00:01:17]} Rfe8 {[%clk 00:38:44]} {[%emt 00:02:45]} 20. Nbd2 {[%clk
01:07:28]} {[%emt 00:05:17]} Qd7 {[%clk 00:35:22]} {[%emt 00:03:52]} 21. Qxd7
{[%clk 01:05:34]} {[%emt 00:02:26]} Nxd7 {[%clk 00:35:35]} {[%emt 00:00:17]}
22. Kf1 {[%clk 01:05:34]} {[%emt 00:00:25]} Bc7 {[%clk 00:33:09]} {[%emt
00:03:01]} 23. c4 {[%clk 01:04:39]} {[%emt 00:01:23]} Be6 {[%clk 00:32:27]}
{[%emt 00:01:14]} 24. h3 {[%clk 01:04:18]} {[%emt 00:00:50]} Nb6 {[%clk
00:28:53]} {[%emt 00:04:06]} 25. b3 {[%clk 01:04:15]} {[%emt 00:00:33]} Be5
{[%clk 00:28:42]} {[%emt 00:00:41]} 26. Rb1 {[%clk 01:04:06]} {[%emt 00:00:38]}
a5 {[%clk 00:27:39]} {[%emt 00:01:34]} 27. Nc5 {[%clk 01:03:25]} {[%emt
00:01:11]} Bf5 {[%clk 00:26:50]} {[%emt 00:01:19]} 28. Nde4 {[%clk 01:03:03]}
{[%emt 00:00:51]} Bd4 {[%clk 00:25:31]} {[%emt 00:01:50]} 29. g4 {[%clk
01:01:55]} {[%emt 00:01:36]} Bh7 {[%clk 00:24:44]} {[%emt 00:01:18]} 30. Ba3
{[%clk 01:01:52]} {[%emt 00:00:32]} Bxc5 {[%clk 00:24:14]} {[%emt 00:01:01]}
31. Bxc5 {[%clk 01:02:11]} {[%emt 00:00:11]} Bxe4 {[%clk 00:24:24]} {[%emt
00:00:20]} 32. Rbd1 {[%clk 01:02:12]} {[%emt 00:00:27]} Rab8 {[%clk 00:21:56]}
{[%emt 00:03:01]} 33. Bxb6 {[%clk 01:01:06]} {[%emt 00:01:36]} Rxb6 {[%clk
00:22:19]} {[%emt 00:00:07]} 34. f3 {[%clk 01:01:26]} {[%emt 00:00:08]} c5
{[%clk 00:22:18]} {[%emt 00:00:32]} 35. Rxe4 {[%clk 01:01:25]} {[%emt
00:00:31]} Rxe4 {[%clk 00:21:10]} {[%emt 00:01:38]} 36. fxe4 {[%clk 01:01:44]}
{[%emt 00:00:10]} Rf6+ {[%clk 00:20:31]} {[%emt 00:01:09]} 37. Ke2 {[%clk
01:01:56]} {[%emt 00:00:17]} Kf8 {[%clk 00:20:35]} {[%emt 00:00:27]} 38. Rd5
{[%clk 01:02:00]} {[%emt 00:00:19]} Rc6 {[%clk 00:20:21]} {[%emt 00:00:53]} 39.
Ke3 {[%clk 01:02:00]} {[%emt 00:00:29]} Ke7 {[%clk 00:20:00]} {[%emt 00:00:51]}
40. Kf4 {[%clk 00:59:24]} {[%emt 00:03:06]} Ke6 {[%clk 00:17:43]} {[%emt
00:02:46]} 41. g5 {[%clk 00:58:10]} {[%emt 00:01:45]} hxg5+ {[%clk 00:17:11]}
{[%emt 00:01:02]} 42. Rxg5 {[%clk 00:58:19]} {[%emt 00:00:21]} g6 {[%clk
00:16:42]} {[%emt 00:00:58]} 43. h4 {[%clk 00:58:18]} {[%emt 00:00:30]} Kf6
{[%clk 00:15:33]} {[%emt 00:01:40]} 44. h5 {[%clk 00:56:57]} {[%emt 00:01:51]}
gxh5 {[%clk 00:14:44]} {[%emt 00:01:20]} 45. Rxh5 {[%clk 00:57:09]} {[%emt
00:00:18]} Kg6 {[%clk 00:13:27]} {[%emt 00:01:46]} 46. Rf5 {[%clk 00:56:31]}
{[%emt 00:01:06]} Rf6 {[%clk 00:12:13]} {[%emt 00:01:47]} 47. Rxf6+ {[%clk
00:56:36]} {[%emt 00:00:25]} Kxf6 {[%clk 00:12:32]} {[%emt 00:00:11]} 48. e5+
{[%clk 00:56:53]} {[%emt 00:00:14]} Ke6 {[%clk 00:11:25]} {[%emt 00:01:36]} 49.
Ke4 {[%clk 00:57:16]} {[%emt 00:00:06]} Kd7 {[%clk 00:06:51]} {[%emt 00:05:04]}
50. Kd5 {[%clk 00:57:36]} {[%emt 00:00:09]} Ke7 {[%clk 00:06:06]} {[%emt
00:01:16]} 51. Kxc5 {[%clk 00:57:49]} {[%emt 00:00:17]} Ke6 {[%clk 00:06:15]}
{[%emt 00:00:21]} 52. Kd4 {[%clk 00:58:07]} {[%emt 00:00:11]} Kd7 {[%clk
00:05:50]} {[%emt 00:00:57]} 53. Kd5 {[%clk 00:58:25]} {[%emt 00:00:11]} Ke7
{[%clk 00:05:46]} {[%emt 00:00:35]} 54. a3 {[%clk 00:58:46]} {[%emt 00:00:08]}
f5 {[%clk 00:05:20]} {[%emt 00:00:57]} 55. exf6+ {[%clk 00:59:08]} {[%emt
00:00:08]} Kxf6 {[%clk 00:05:38]} {[%emt 00:00:12]} 56. c5 {[%clk 00:59:23]}
{[%emt 00:00:15]} Ke7 {[%clk 00:06:01]} {[%emt 00:00:07]} 57. b4 {[%clk
00:59:46]} {[%emt 00:00:07]} axb4 {[%clk 00:06:20]} {[%emt 00:00:11]} 58. axb4
{[%clk 01:00:08]} {[%emt 00:00:08]} Kd7 {[%clk 00:06:40]} {[%emt 00:00:11]} 59.
b5 {[%clk 01:00:31]} {[%emt 00:00:07]} Kc7 {[%clk 00:07:01]} {[%emt 00:00:08]}
60. b6+ {[%clk 01:00:52]} {[%emt 00:00:09]} Kb7 {[%clk 00:06:58]} {[%emt
00:00:33]} 61. Kd6 {[%clk 01:00:10]} {[%emt 00:01:12]} Ka6 {[%clk 00:07:04]}
{[%emt 00:00:24]} 62. Kd7 {[%clk 01:00:31]} {[%emt 00:00:09]} Kb5 {[%clk
00:07:26]} {[%emt 00:00:08]} 63. c6 {[%clk 01:00:48]} {[%emt 00:00:12]} Kxb6
{[%clk 00:07:47]} {[%emt 00:00:10]} 64. c7 {[%clk 01:01:14]} {[%emt 00:00:04]}
Kc5 {[%clk 00:08:14]} {[%emt 00:00:04]} 65. c8=Q+ {[%clk 01:01:34]} {[%emt
00:00:10]} Kd4 {[%clk 00:08:38]} {[%emt 00:00:05]} 66. Qc6 {[%clk 01:01:54]}
{[%emt 00:00:10]} Ke5 {[%clk 00:09:02]} {[%emt 00:00:07]} 67. Qd6+ {[%clk
01:02:11]} {[%emt 00:00:12]} Ke4 {[%clk 00:09:23]} {[%emt 00:00:09]} 68. Ke6
{[%clk 01:02:32]} {[%emt 00:00:08]} Ke3 {[%clk 00:09:42]} {[%emt 00:00:11]} 69.
Qd5 {[%clk 01:02:56]} {[%emt 00:00:06]} Kf4 {[%clk 00:10:03]} {[%emt 00:00:10]}
70. Qe5+ {[%clk 01:02:53]} {[%emt 00:00:33]} Kf3 {[%clk 00:10:26]} {[%emt
00:00:07]} 71. Kf5 {[%clk 01:02:54]} {[%emt 00:00:26]} Kf2 {[%clk 00:10:44]}
{[%emt 00:00:14]} 72. Qe4 {[%clk 01:03:14]} {[%emt 00:00:07]} Kg3 {[%clk
00:11:11]} {[%emt 00:00:06]} 73. Qf4+ {[%clk 01:03:35]} {[%emt 00:00:07]} Kg2
{[%clk 00:11:37]} {[%emt 00:00:06]} 74. Ke4 {[%clk 01:03:53]} {[%emt 00:00:11]}
Kh1 {[%clk 00:11:09]} {[%emt 00:00:57]} 75. Qg4 {[%clk 01:04:12]} {[%emt
00:00:10]} Kh2 {[%clk 00:11:35]} {[%emt 00:00:07]} 76. Kf3 {[%clk 01:04:21]}
{[%emt 00:00:18]} Kh1 {[%clk 00:12:01]} {[%emt 00:00:06]} 77. Qg2# {[%clk
01:04:08]} {[%emt 00:00:12]} 1-0

[Event "DVM U12w 2024"]
[Site "Bad Homburg GER"]
[Date "2024.12.30"]
[Round "7"]
[White "Wolf, Aurelia"]
[Black "Ulianova, Anna"]
[Result "1-0"]
[Termination "normal"]
[Board "3.3"]
[WhiteElo "1471"]
[BlackElo "1267"]
[WhiteClock "00:36:41"]
[BlackClock "00:02:03"]
[WhiteTeam "SK Bad Homburg 1927"]
[BlackTeam "TSG Oberschöneweide"]
[PlyCount "70"]
[WhiteFideId "34671048"]
[BlackFideId "34682660"]
[EventCountry "GER"]
[EventRounds "7"]
[EventType "team-swiss"]
[EventDate "2024.12.26"]

1. e4 {[%clk 01:30:58]} {[%emt 00:00:02]} e5 {[%clk 01:30:57]} {[%emt
00:00:03]} 2. Nf3 {[%clk 01:31:22]} {[%emt 00:00:05]} Nc6 {[%clk 01:31:23]}
{[%emt 00:00:04]} 3. Bc4 {[%clk 01:31:47]} {[%emt 00:00:05]} Bc5 {[%clk
01:31:48]} {[%emt 00:00:05]} 4. b4 {[%clk 01:32:11]} {[%emt 00:00:06]} Bb6
{[%clk 01:31:58]} {[%emt 00:00:20]} 5. a4 {[%clk 01:30:55]} {[%emt 00:01:45]}
a6 {[%clk 01:32:07]} {[%emt 00:00:22]} 6. O-O {[%clk 01:24:27]} {[%emt
00:06:59]} Nf6 {[%clk 01:32:06]} {[%emt 00:00:31]} 7. Re1 {[%clk 01:23:49]}
{[%emt 00:01:08]} O-O {[%clk 01:32:27]} {[%emt 00:00:09]} 8. c3 {[%clk
01:23:13]} {[%emt 00:01:05]} d6 {[%clk 01:32:29]} {[%emt 00:00:29]} 9. d4
{[%clk 01:22:40]} {[%emt 00:01:03]} exd4 {[%clk 01:32:19]} {[%emt 00:00:40]}
10. cxd4 {[%clk 01:22:25]} {[%emt 00:00:44]} Bg4 {[%clk 01:32:29]} {[%emt
00:00:20]} 11. h3 {[%clk 01:22:31]} {[%emt 00:00:24]} Bh5 {[%clk 01:32:53]}
{[%emt 00:00:06]} 12. Bb2 {[%clk 01:18:22]} {[%emt 00:04:38]} Bxf3 {[%clk
01:31:35]} {[%emt 00:01:49]} 13. Qxf3 {[%clk 01:17:32]} {[%emt 00:01:20]} Nxd4
{[%clk 01:31:45]} {[%emt 00:00:19]} 14. Qd3 {[%clk 01:15:31]} {[%emt 00:02:31]}
Ne6 {[%clk 01:30:06]} {[%emt 00:02:10]} 15. Nc3 {[%clk 01:13:33]} {[%emt
00:02:28]} Bd4 {[%clk 01:23:37]} {[%emt 00:06:59]} 16. Bxe6 {[%clk 01:13:08]}
{[%emt 00:00:54]} Bxc3 {[%emt 00:01:57]} 17. Bxf7+ {[%clk 01:13:02]} {[%emt
00:00:25]} Rxf7 {[%clk 01:22:43]} {[%emt 00:00:08]} 18. Bxc3 {[%clk 01:13:15]}
{[%emt 00:00:17]} Qd7 {[%clk 01:20:44]} {[%emt 00:02:30]} 19. Rad1 {[%clk
01:11:21]} {[%emt 00:02:23]} Raf8 {[%clk 01:17:12]} {[%emt 00:04:02]} 20. f3
{[%clk 01:10:02]} {[%emt 00:01:48]} Nh5 {[%clk 01:16:35]} {[%emt 00:01:07]} 21.
Qd2 {[%clk 01:03:56]} {[%emt 00:06:36]} Qe6 {[%clk 01:16:06]} {[%emt 00:01:00]}
22. Qd5 {[%clk 00:55:59]} {[%emt 00:08:27]} Qg6 {[%clk 01:15:21]} {[%emt
00:01:15]} 23. Bd2 {[%clk 00:53:30]} {[%emt 00:02:58]} Kh8 {[%clk 01:14:48]}
{[%emt 00:01:03]} 24. Qxb7 {[%clk 00:53:35]} {[%emt 00:00:25]} Rxf3 {[%clk
01:09:48]} {[%emt 00:05:30]} 25. Qxa6 {[%clk 00:48:37]} {[%emt 00:05:27]} Rf2
{[%clk 01:08:58]} {[%emt 00:01:21]} 26. g4 {[%clk 00:47:21]} {[%emt 00:01:45]}
Qe6 {[%clk 00:49:48]} {[%emt 00:19:40]} 27. Rf1 {[%clk 00:43:21]} {[%emt
00:04:31]} Qb3 {[%clk 00:19:20]} {[%emt 00:30:58]} 28. Rxf2 {[%clk 00:38:05]}
{[%emt 00:05:46]} Qxd1+ {[%clk 00:07:13]} {[%emt 00:12:37]} 29. Rf1 {[%clk
00:37:21]} {[%emt 00:01:14]} Rxf1+ {[%clk 00:04:05]} {[%emt 00:03:37]} 30. Qxf1
{[%clk 00:37:18]} {[%emt 00:00:34]} Qxf1+ {[%clk 00:04:31]} {[%emt 00:00:04]}
31. Kxf1 {[%clk 00:37:41]} {[%emt 00:00:07]} Nf6 {[%clk 00:03:32]} {[%emt
00:01:29]} 32. a5 {[%clk 00:36:36]} {[%emt 00:01:35]} Nd7 {[%clk 00:03:48]}
{[%emt 00:00:14]} 33. b5 {[%clk 00:36:11]} {[%emt 00:00:54]} Kg8 {[%clk
00:03:42]} {[%emt 00:00:36]} 34. Be3 {[%clk 00:36:19]} {[%emt 00:00:22]} Kf8
{[%clk 00:03:09]} {[%emt 00:01:04]} 35. a6 {[%clk 00:36:41]} {[%emt 00:00:09]}
Ke8 {[%clk 00:02:03]} {[%emt 00:01:45]} 1-0

[Event "DVM U12w 2024"]
[Site "Bad Homburg GER"]
[Date "2024.12.30"]
[Round "7"]
[White "Yamshchikova, Oleksandra"]
[Black "Lao, Theodora Siyuan"]
[Result "1/2-1/2"]
[Termination "normal"]
[Board "3.4"]
[WhiteElo "974"]
[BlackElo "1170"]
[WhiteClock "01:18:51"]
[BlackClock "01:06:39"]
[WhiteTeam "TSG Oberschöneweide"]
[BlackTeam "SK Bad Homburg 1927"]
[PlyCount "94"]
[WhiteFideId "34171118"]
[BlackFideId "34667547"]
[EventCountry "GER"]
[EventRounds "7"]
[EventType "team-swiss"]
[EventDate "2024.12.26"]

1. e4 {[%clk 01:30:59]} e5 {[%clk 01:30:59]} {[%emt 00:00:02]} 2. Nf3 {[%clk
01:31:22]} {[%emt 00:00:06]} Nc6 {[%clk 01:31:23]} {[%emt 00:00:06]} 3. Bc4
{[%clk 01:31:46]} {[%emt 00:00:06]} Nf6 {[%clk 01:31:46]} {[%emt 00:00:07]} 4.
d3 {[%clk 01:31:20]} {[%emt 00:00:56]} Be7 {[%clk 01:30:52]} {[%emt 00:01:25]}
5. Be3 {[%clk 01:31:32]} {[%emt 00:00:17]} O-O {[%clk 01:30:53]} {[%emt
00:00:30]} 6. Nc3 {[%clk 01:31:26]} {[%emt 00:00:36]} b6 {[%clk 01:30:17]}
{[%emt 00:01:07]} 7. O-O {[%clk 01:31:31]} {[%emt 00:00:24]} Bb7 {[%clk
01:30:36]} {[%emt 00:00:12]} 8. h3 {[%clk 01:31:36]} {[%emt 00:00:23]} h6
{[%clk 01:28:28]} {[%emt 00:02:39]} 9. a3 {[%clk 01:31:44]} {[%emt 00:00:23]}
Bc5 {[%clk 01:28:33]} {[%emt 00:00:24]} 10. b4 {[%clk 01:31:01]} {[%emt
00:01:13]} Bxe3 {[%clk 01:28:33]} {[%emt 00:00:29]} 11. fxe3 {[%clk 01:31:18]}
{[%emt 00:00:14]} Re8 {[%clk 01:28:12]} {[%emt 00:00:51]} 12. Nh2 {[%clk
01:30:23]} {[%emt 00:01:24]} Ne7 {[%clk 01:27:43]} {[%emt 00:00:59]} 13. Rf3
{[%clk 01:28:51]} {[%emt 00:02:02]} d5 {[%clk 01:26:47]} {[%emt 00:01:27]} 14.
exd5 {[%clk 01:28:32]} {[%emt 00:00:49]} Nexd5 {[%clk 01:26:56]} {[%emt
00:00:20]} 15. Nxd5 {[%clk 01:27:37]} {[%emt 00:01:25]} Nxd5 {[%clk 01:26:53]}
{[%emt 00:00:34]} 16. e4 {[%clk 01:27:13]} {[%emt 00:00:54]} Nf6 {[%clk
01:26:54]} {[%emt 00:00:29]} 17. Rg3 {[%clk 01:26:09]} {[%emt 00:01:33]} Rc8
{[%clk 01:24:01]} {[%emt 00:03:23]} 18. Qf1 {[%clk 01:26:03]} {[%emt 00:00:36]}
c5 {[%clk 01:22:55]} {[%emt 00:01:36]} 19. b5 {[%clk 01:25:47]} {[%emt
00:00:46]} Rf8 {[%clk 01:22:06]} {[%emt 00:01:19]} 20. Re1 {[%clk 01:25:45]}
{[%emt 00:00:32]} Rc7 {[%clk 01:20:11]} {[%emt 00:02:24]} 21. Qf2 {[%clk
01:25:17]} {[%emt 00:00:58]} Rd7 {[%clk 01:17:32]} {[%emt 00:03:10]} 22. Rf1
{[%clk 01:25:20]} {[%emt 00:00:26]} Kh8 {[%clk 01:17:37]} {[%emt 00:00:25]} 23.
Ng4 {[%clk 01:25:01]} {[%emt 00:00:48]} Rd6 {[%clk 01:16:52]} {[%emt 00:01:06]}
24. Nxf6 {[%clk 01:24:37]} {[%emt 00:01:03]} Rxf6 {[%clk 01:17:09]} {[%emt
00:00:14]} 25. Qe2 {[%clk 01:24:36]} {[%emt 00:00:31]} Rg6 {[%clk 01:16:32]}
{[%emt 00:01:05]} 26. Rxg6 {[%clk 01:24:05]} {[%emt 00:01:02]} fxg6 {[%clk
01:16:50]} {[%emt 00:00:12]} 27. Rxf8+ {[%clk 01:23:53]} {[%emt 00:00:42]} Qxf8
{[%clk 01:17:13]} {[%emt 00:00:08]} 28. Qg4 {[%clk 01:23:23]} {[%emt 00:01:00]}
Qe8 {[%clk 01:16:41]} {[%emt 00:01:02]} 29. a4 {[%clk 01:23:39]} {[%emt
00:00:14]} Kh7 {[%clk 01:14:28]} {[%emt 00:02:42]} 30. h4 {[%clk 01:22:50]}
{[%emt 00:01:20]} Bc8 {[%clk 01:13:13]} {[%emt 00:01:44]} 31. Qg3 {[%clk
01:22:51]} {[%emt 00:00:29]} Qe7 {[%clk 01:12:06]} {[%emt 00:01:38]} 32. Qh2
{[%clk 01:22:13]} {[%emt 00:01:08]} Qf6 {[%clk 01:10:49]} {[%emt 00:01:48]} 33.
h5 {[%clk 01:22:00]} {[%emt 00:00:43]} Bb7 {[%clk 01:08:40]} {[%emt 00:02:39]}
34. hxg6+ {[%clk 01:21:44]} {[%emt 00:00:46]} Kxg6 {[%clk 01:08:39]} {[%emt
00:00:30]} 35. Qg3+ {[%clk 01:21:12]} {[%emt 00:01:02]} Kh7 {[%clk 01:09:00]}
{[%emt 00:00:09]} 36. Qg4 {[%clk 01:20:53]} {[%emt 00:00:46]} Qd8 {[%clk
01:07:46]} {[%emt 00:01:46]} 37. Qf5+ {[%clk 01:20:47]} {[%emt 00:00:36]} Kh8
{[%clk 01:07:29]} {[%emt 00:00:46]} 38. c3 {[%clk 01:20:03]} {[%emt 00:01:16]}
Qe7 {[%clk 01:06:37]} {[%emt 00:01:21]} 39. Qg6 {[%clk 01:19:56]} {[%emt
00:00:36]} Bc8 {[%clk 01:05:26]} {[%emt 00:01:43]} 40. Qf7 {[%clk 01:18:16]}
{[%emt 00:02:10]} Qxf7 {[%clk 01:05:33]} {[%emt 00:00:23]} 41. Bxf7 {[%clk
01:18:37]} {[%emt 00:00:08]} Kh7 {[%clk 01:05:42]} {[%emt 00:00:21]} 42. Kf2
{[%clk 01:18:51]} {[%emt 00:00:17]} g5 {[%clk 01:06:02]} {[%emt 00:00:11]} 43.
c4 {[%clk 01:18:32]} {[%emt 00:00:48]} Kg7 {[%clk 01:06:21]} {[%emt 00:00:11]}
44. Bh5 {[%clk 01:18:35]} {[%emt 00:00:27]} Kf6 {[%clk 01:06:27]} {[%emt
00:00:24]} 45. Kf3 {[%clk 01:18:52]} {[%emt 00:00:13]} Bd7 {[%clk 01:05:57]}
{[%emt 00:00:56]} 46. g3 {[%clk 01:19:06]} {[%emt 00:00:19]} Bc8 {[%clk
01:06:17]} {[%emt 00:00:10]} 47. g4 {[%clk 01:18:51]} {[%emt 00:00:45]} Bd7
{[%clk 01:06:39]} {[%emt 00:00:08]} 1/2-1/2